[Event "U1950 Turnier"]
[Site "?"]
[Date "2010.09.21"]
[Round "1"]
[White "Constellation 2 MHz, Novag"]
[Black "Turbo Advanced Trainer, Saitek"]
[Result "1/2-1/2"]
[WhiteElo "1677"]
[BlackElo "1893"]
[Annotator "Stefan Timmermans"]
[PlyCount "107"]

1. d4 Nf6 2. c4 e5 3. dxe5 Ng4 4. e4 Nxe5 5. Nc3 Bb4
6. Nge2 O-O 7. a3 Bc5 8. Bf4 Ng4 9. Nd4 Nc6 10. Qxg4 Nxd4 11. Qd1 Ne6 12. Bg3
Re8 13. Be2 b6 14. Bf3 Ba6 15. e5 c6 16. b4 Bd4 17. Rc1 Bxc4 18. Ne2 Bxe2 19.
Qxe2 a5 20. O-O Qe7 21. Rfd1 axb4 22. axb4 Ra4 23. b5 c5 24. Bd5 Nc7 25. Bb3
Ra3 26. Qd3 Rea8 27. Qb1 Nxb5 28. Bxf7+ Qxf7 29. Qxb5 Rxg3 $5 30. Rxd4 (30.
hxg3 Qxf2+ 31. Kh1 Qf7 32. Qc4 $1 Re8 33. Qxf7+ Kxf7 $19) 30... Rxg2+ 31. Kxg2
cxd4 32. Qc4 Qxc4 33. Rxc4 d3 34. Rd4 Ra3 35. Rxd7 b5 36. e6 Kf8 37. Rf7+ Ke8
38. Rxg7 Ra6 39. Rd7 Rxe6 40. Rxd3 b4 41. f4 $2 Re2+ 42. Kf1 Re4 43. Rf3 Kf7
44. Kf2 Kf6 45. Rh3 Rxf4+ 46. Ke3 (46. Kg3 Rf1 47. Rxh7 b3 48. Rb7 Rb1) 46...
Rc4 47. Rxh7 b3 48. Rb7 Rc3+ 49. Kd4 $11 Rh3 50. Kc4 Ke5 51. Re7+ Kd6 52. Re2
Kc7 53. Rf2 Kd6 54. Rd2+ 1/2-1/2

[Event "U1950 Turnier"]
[Site "?"]
[Date "2010.09.16"]
[Round "2"]
[White "Europa, Mephisto"]
[Black "Timmermans, Stefan"]
[Result "1/2-1/2"]
[WhiteElo "1685"]
[BlackElo "1899"]
[Annotator "Stefan Timmermans"]
[PlyCount "48"]

1. c4 Nf6 2. Nc3 c5 3. Nf3 Nc6 4. g3 g6 5. Bg2 Bg7
6. O-O O-O 7. d4 cxd4 8. Nxd4 Qb6 9. Ndb5 a6 10. Be3 Qa5 11. Nd4 Qb4 12. Na4
Ng4 13. Bd2 Qd6 14. Nxc6 dxc6 15. Nb6 Rb8 16. Bf4 Qxd1 (16... Be5 17. Qxd6 exd6
$14) (16... e5 $4) 17. Raxd1 e5 18. Bg5 Be6 19. Nd7 Bxd7 20. Rxd7 Nf6 21. Rd6
Ne8 22. Rd7 (22. Rd2 Nc7 $14) 22... Nf6 23. Rd6 Ne8 24. Rd7 Nf6 1/2-1/2

[Event "U1950 Turnier"]
[Site "?"]
[Date "2010.10.02"]
[Round "2"]
[White "Explorer, Mephisto"]
[Black "Turbo Advanced Trainer, Saitek"]
[Result "1-0"]
[WhiteElo "1900"]
[BlackElo "1893"]
[Annotator "Stefan Timmermans"]
[PlyCount "150"]

1. c4 e6 2. d4 Nf6 3. Nc3 Bb4 4. e3 O-O 5. Bd3 c5 6.
Nf3 d5 7. cxd5 exd5 8. O-O {Chessbase gab a3 oder dxc5 an, und auch am 7ten
Zug 0-0 (cxd5 wurde mit ? bezeichnet)} b6 9. Bd2 Re8 10. a3 Ba5 11. Ne5 Bb7 12.
Bb5 Re6 13. Nb1 {droht b4 ...} Bxd2 14. Nxd2 Nc6 15. Ndf3 $15 Nxe5 16. Nxe5 Rc8
17. Rc1 cxd4 18. Rxc8 Bxc8 19. exd4 a6 20. Bd3 Bb7 $11 21. Qe2 b5 22. Bf5 Re7
23. Re1 Ne4 24. Qd3 Qb6 25. Bxe4 dxe4 26. Qe3 f5 27. Nd3 Qf6 28. Nc5 Bd5 29. f4
$6 {Jetzt hat Schwarz ein freibauer im endspiel} h6 30. g3 g5 31. Kf2 Kf7 32.
b3 Rc7 $15 33. Ke2 Ke7 34. Rf1 g4 35. Rc1 Rc6 36. Qd2 Bf7 {Beiden spielen
langweilig...} 37. Ke3 {Endlich den König ....} Kd6 38. Rd1 Be8 39. b4 Bf7 40.
d5 {Na Endlich, Ich furchte das beider zwecklos weiterspielen werden...} Rc7
41. Qc2 Be8 42. Kf2 Qg7 43. Kf1 Qe7 $2 {Den einzelnen richtigen moment der
Partie....wo den Bilan zerstört ist} (43... Bf7 44. Qd2 Rc8 45. Nxa6 Qc3 46.
Qxc3 Rxc3 $11) 44. Rc1 Rc8 45. Nb7+ Qxb7 46. Qxc8 Qxc8 47. Rxc8 Bf7 48. Rc6+
Kxd5 49. Rxa6 h5 50. Rb6 Be8 51. Rb8 Bd7 52. Rd8 Ke6 53. Rh8 Kf7 54. Rxh5 Be6
55. Rh7+ Kg6 56. Rc7 Bc4+ 57. Kg2 e3 58. h4 gxh3+ 59. Kxh3 e2 60. Re7 Kf6 61.
Re3 Bd3 62. Kg2 Bc4 63. Kf2 Kf7 64. Rc3 Ke6 65. a4 Kd6 66. a5 Kc6 67. Re3 Kc7
68. Re5 Bd3 69. Rd5 Bc4 70. Rxf5 Kb7 71. g4 Bd3 72. Rf7+ Kc6 73. g5 Bc4 74. g6
Bd5 75. Kxe2 Bc4+ 1-0

[Event "U1950 Turnier"]
[Site "?"]
[Date "2010.09.11"]
[Round "1"]
[White "Super Mondial B, Mephisto"]
[Black "Timmermans, Stefan"]
[Result "1/2-1/2"]
[WhiteElo "1876"]
[BlackElo "1899"]
[Annotator "Stefan Timmermans"]
[PlyCount "132"]

1. d4 Nf6 2. c4 e6 3. Nf3 c5 4. d5 d6 5. Nc3 exd5 6.
cxd5 g6 7. Bf4 a6 8. e4 Bg7 9. Be2 (9. Qa4+ Bd7 10. Qb3 Bc8 11. e5 dxe5 12.
Bxe5 O-O $14) 9... O-O 10. O-O b5 11. Nd2 Qc7 12. Bf3 Re8 13. a4 b4 14. Ne2 Bg4
15. Bxg4 Nxg4 16. Nc4 Ne5 17. Nxe5 Bxe5 18. Bxe5 Rxe5 19. Ng3 Nd7 20. f4 Ree8
21. Rc1 Qb6 22. Kh1 Qb7 23. Qb3 a5 24. Rfd1 Rac8 25. Qd3 Nb6 26. Qb5 Qa7 27. b3
Nd7 28. Qf1 Kg7 29. Qe2 Qb7 30. Qc4 Ra8 31. Kg1 Qa6 32. Qxa6 Rxa6 33. Kf2 Ra7
34. Kf3 Nb6 35. e5 dxe5 $14 (35... c4 36. bxc4 dxe5 37. c5 Nxa4 $11) 36. fxe5
Rxe5 37. Rxc5 f5 38. Kf4 Re8 39. d6 Nd7 40. Rc7 Rxc7 41. dxc7 Nc5 42. Rd5 (42.
Rc1 $4 Nd3+) (42. Rd8 $4 Ne6+ 43. Kf3 Rxd8 44. cxd8=Q Nxd8 $19) 42... Ne6+ 43.
Kf3 Rc8 $1 (43... f4 $4 44. Ne4 Nxc7 $4 45. Rd7+) (43... Ra8 44. Rxa5 Nxc7 45.
Rxa8 Nxa8 $16) 44. Rxa5 Rxc7 45. Ne2 $14 Nc5 46. Rb5 (46. Nd4 $2 Nxb3 47. Nxb3
Rc3+ $17) 46... Nxb3 47. Rxb4 Nd2+ {Better then Nc5} 48. Kf4 (48. Ke3 Nf1+ 49.
Kd4 Nxh2) 48... Rc4+ 49. Rxc4 Nxc4 50. Nc3 $6 {Not the best plan....} (50. Nd4
Kf6 51. Nb3 $14) 50... h6 51. Nd5 Kf7 52. Ne3 g5+ 53. Kf3 Ne5+ 54. Ke2 f4 55.
Nc2 Nc6 56. Kd3 Ke6 $4 57. Nd4+ Nxd4 (57... Kd5 58. Nxc6 Kxc6 59. Ke4 $18) 58.
Kxd4 Kd6 59. h3 (59. Ke4 h5 60. Kf5 $18) 59... h5 60. a5 $6 (60. Ke4 $1) 60...
g4 61. hxg4 $4 (61. h4 $1 Kc6 62. Ke4 f3 63. gxf3 gxf3 64. Kxf3 Kb5 65. Kf4
Kxa5 66. Kg5 Kb5 67. Kxh5 Kc6 68. Kg6 $18) 61... hxg4 62. a6 Kc6 63. Ke4 f3 64.
gxf3 gxf3 65. a7 (65. Kxf3) 65... Kb7 66. Kxf3 Kxa7 1/2-1/2

[Event "U1950 Turnier"]
[Site "?"]
[Date "2010.09.30"]
[Round "2"]
[White "Super Mondial B, Mephisto"]
[Black "Constellation 2 MHz, Novag"]
[Result "1-0"]
[WhiteElo "1876"]
[BlackElo "1677"]
[Annotator "Stefan Timmermans"]
[PlyCount "159"]

1. c4 c5 2. Nc3 Nc6 3. Nf3 g6 4. g3 Bg7 5. Bg2 Nf6 6.
d4 cxd4 7. Nxd4 O-O 8. O-O Nxd4 9. Qxd4 d6 10. Qd3 Nd7 {Untill here both
played 'accidentally' the moves from Chessbase.} 11. Be3 Ne5 12. Qe4 f5 {Black
tries to gain room} (12... Bf5 13. Qxb7 Rb8 14. Qxa7 Rxb2 $16) 13. Qc2 Ng4 14.
Bg5 h6 15. Bf4 g5 16. Bd2 f4 {For sure not the best move, but black is
fighting for the initiative} 17. gxf4 gxf4 18. Qe4 e5 19. Qd5+ Rf7 20. Ne4 Qh4
21. h3 Nf6 22. Nxf6+ Bxf6 23. Kh2 Bg4 24. Rae1 Rd8 25. Ba5 b6 26. Bb4 Kg7 27.
Qd3 Bg5 28. Bd2 Bf5 {Black had a chance but unfortunately he lets white come
away with it...} (28... f3 $1 29. Bxg5 (29. exf3 Rxf3 30. Bxg5 hxg5 31. Re3
Bxh3 32. Rxf3 Bf5+ 33. Rh3 Bxd3 34. Rxh4 gxh4 $17) 29... hxg5 30. exf3 Rxf3 $17
) 29. Be4 Be6 30. Bd5 Bf5 31. Qf3 Rff8 $16 32. Rg1 Kh7 33. Rd1 Rc8 34. Bb4 Rf6
35. Bxd6 Rxd6 36. Be4 Rxd1 37. Bxf5+ $18 Kh8 38. Rxd1 Rd8 $16 39. Rd5 Bf6 40.
Rxd8+ Bxd8 41. Kg2 h5 42. Qe4 Qe7 43. Kf3 Qf6 44. Bg6 h4 45. Bf5 Kg7 46. Qb7+
Kf8 47. Ke4 Qd6 48. Qd7 Qxd7 49. Bxd7 Ke7 50. Bg4 Kd6 51. b4 a5 52. a3 axb4 53.
axb4 Be7 54. Kf5 Bf8 55. Bf3 Be7 56. Bh1 Bf8 57. Be4 Be7 58. Ba8 Bf8 59. Bg2
Be7 60. Be4 Bf8 61. Bd5 b5 $6 {Werch ich nie Machen mit Schwarz} 62. Ke4 bxc4
63. Bxc4 Bg7 64. Kf5 Kc6 65. Bd3 Kd7 $16 (65... Kd5 66. b5 Kd6 67. Kg5 $16) 66.
b5 Ke7 $2 {die Partie ist schon verloren, also...} (66... Kd6 67. Kg5 e4 68.
Bxe4 Ke5 69. Bd3 Bf6+ $16) 67. b6 $18 Kd6 68. Be4 Kd7 69. b7 Kc7 70. Kg5 Bf8
71. Kxh4 Bg7 72. Kg4 Kb8 73. h4 Kc7 74. h5 Bh6 75. Kf5 Bg7 76. Kg6 Bh8 77. h6
Kb8 78. Kf7 Kc7 79. Kg8 Bf6 80. h7 1-0

[Event "U1950 Turnier"]
[Site "?"]
[Date "2010.10.17"]
[Round "3"]
[White "Constellation 2 MHz, Novag"]
[Black "Europa, Mephisto"]
[Result "0-1"]
[WhiteElo "1677"]
[BlackElo "1685"]
[Annotator "Stefan Timmermans"]
[PlyCount "71"]

1. e4 e5 2. Nf3 Nc6 3. Bc4 Bc5 4. c3 Nf6 5. d3 d6 6.
Bb5 {Over & Over again the Cony Play this move. Hereby he plays twice with the
same piece.} Bd7 7. d4 exd4 8. O-O {Again the Conny plays d4 and every time
afterwars won't recapturen the pawn. Hereby he is 1 pawn down form the
beginning.} (8. cxd4 Bb4+ 9. Kf1 $15) 8... Ne5 9. Bxd7+ Qxd7 10. cxd4 {The
fork but only superficially....} Nxf3+ 11. gxf3 {So this is it ?} Bb6 12. Re1
O-O 13. Bg5 Qb5 14. Bc1 (14. Bxf6 Qxb2 15. Qd2 $1 Qxa1 $4 16. Qg5) 14... Qb4
15. d5 Rfe8 16. Nd2 Qd4 17. Re3 $17 c6 18. dxc6 bxc6 19. Qe2 d5 20. Qe1 Qe5 $19
21. Re2 Bc7 22. Nf1 dxe4 23. fxe4 Nxe4 24. Ng3 f5 25. Bd2 (25. f3 Qd4+ 26. Kg2
Nd6 27. Be3) 25... Rad8 26. Be3 Nxg3 27. fxg3 Rd3 28. Rc1 (28. Kf2 Rxe3 29.
Rxe3 Bb6) 28... Rxe3 29. Rxe3 Bb6 30. Rc2 Bxe3+ 31. Kh1 Qe4+ 32. Rg2 Rd8 33. h3
Rd2 34. Qf1 Rf2 35. Qxf2 (35. Qg1 Rxb2 36. Qf1 f4 37. Qxf4 (37. gxf4 Rxg2 38.
Qxg2 Qb1+ 39. Kh2 Bxf4+ 40. Qg3 Qxa2+ 41. Kg1 Bxg3 42. h4 Qf2+ 43. Kh1 Qh2#)
37... Qxg2#) 35... Bxf2 36. Kh2 0-1

[Event "U1950 Turnier"]
[Site "?"]
[Date "2010.10.15"]
[Round "3"]
[White "Timmermans, Stefan"]
[Black "Explorer, Mephisto"]
[Result "1-0"]
[WhiteElo "1899"]
[BlackElo "1900"]
[Annotator "Stefan Timmermans"]
[PlyCount "85"]

1. d4 d5 2. c4 dxc4 3. Nf3 Nf6 4. e3 e6 5. Bxc4 Nbd7
{c5 & a6 are played the most, but the move looks interesting, especially after
Bd6 , black can counter with e5.} 6. O-O Bd6 7. Nc3 Nb6 8. Bb3 Nbd5 $14 {Black
has moved his knight 3 times to have the d5 square. But conting tempi, white
has 4 developped pieces, black only 3 and white has one pawn in the centre !
and white is to move... so white stands better.} 9. Re1 (9. e4 $2 Nxc3 10. bxc3
Nxe4) 9... Bb4 $6 (9... Nxc3 10. bxc3 Ne4 $14) 10. Bd2 $16 Nxc3 11. bxc3 Be7 (
11... Ba5 12. Ne5) 12. e4 O-O 13. c4 b6 (13... c5 $2 14. e5 Nd7 15. d5 $18) 14.
e5 {White pushes black behi,d, and hopes that sooner or later his pieces lack
space to move....} Ne8 (14... Nd7 15. Qe2 Bb7) 15. Bc3 {Allows the Queen to
support the push to d5 if c5 & Bb7 would challenge the d4 pawn.} Ba6 16. d5 Bb7
17. Qd3 {with Bc2 in mind, and enabling Rd1, move the queen and capture on e6.
Also black can't play c6 cause d6 !} (17. dxe6 fxe6 18. Nd4 Bc5 19. Qg4 Bxd4
20. Bxd4 $14) 17... Qd7 18. Rad1 Rd8 19. Qc2 Qc8 20. Rd2 $16 {Protects f2 in
the dxe6 fxe6 Nd4 Bc5 case and prepares doubling rooks which black can't.....}
exd5 21. cxd5 Qa8 {Black is putting pressure on the centre.} 22. Red1 h6 {the
Mephisto Explorer, has no chances of play and plays a move that doesn't harm.}
23. Qf5 $1 {The computer overlooked this move, when checking the position
evaluation after this move, his score went from 0,5 to 1, 8 for white, pretty
late to realise he is in trouble....;} (23. Bb2 Bb4) 23... a6 {again the
mephisto explorer decides to wait and ancipate, there is not much he can do ...
;} (23... Bc5 24. e6 Nd6 25. Qg4 $18) 24. Qg4 Kh8 (24... Bc8 25. Qe4 b5 26. Nh4
Bg5 27. Ng6 $18) 25. Nh4 {Having the bishop for the passive knight would be
good for white, as the centre and bishop pair are well placed !} c5 $2 {Still
waiting for the killing move.....} (25... Bg5 26. Qe4 Bxh4 27. Qxh4 $18 {e6
threatens with Qxh6 & e7 !}) 26. Nf5 Bg5 (26... Bc8 27. e6 fxe6 $2 28. Bxg7+
Kg8 29. Nxh6+ Kh7 30. Bxf8 {[%emt 0:00:02] Mate in}) 27. f4 c4 {Now I have 3
choices Bxc4 , Bc2 as the black bishop is caught in ....or the most agressive
move, break down the kings harvest} 28. fxg5 cxb3 29. gxh6 Rg8 (29... gxh6 $2
30. Qh5 Rd7 31. Qxh6+ Kg8 32. Rd3 f6 33. Rg3+ Ng7 34. Rxg7+ Rxg7 35. Qxg7#) 30.
Ne7 (30. hxg7+ Rxg7 31. Nxg7 Nxg7 32. e6) 30... bxa2 $2 (30... g6 31. e6+ {To
break down the last defenses and open all lines !}) 31. Nxg8 Kxg8 32. e6 $1
fxe6 (32... Bxd5 33. exf7+ Bxf7 (33... Kxf7 34. Rf1+ $18) 34. Rxd8 $18 {[%emt
0:00:06] and mate in}) 33. Bxg7 {To play on real tactics instead of easy moves
like Qxe6+ and allowing the king to reach a solid field} Kh7 (33... Rxd5 $4 34.
Qg6 $18 {threatens simply h7+ mate}) 34. Qe4+ Kg8 35. Qxe6+ (35. Qg6 {[%emt 0:
00:03] Mate in}) 35... Kh7 36. Qf5+ Kg8 37. Qf8+ Kh7 38. Rd4 $6 (38. Qf7 $2 Nd6
) 38... Rxd5 (38... Nd6 39. Qf6 Rd7 40. Rg4 $18) 39. Rxd5 Qc8 (39... Bxd5 40.
Qf5+ Kg8 $18 {Won in many ways ....} 41. Qg6) 40. Rg5 {Takes away squares fr
the king and keeps c5 under control} Nf6 41. Qxc8 Bxc8 42. Bxf6 Kxh6 43. h4 {
and again mate threats..... hopeless} 1-0

[Event "U1950 Turnier"]
[Site "?"]
[Date "2010.10.17"]
[Round "3"]
[White "Turbo Advanced Trainer, Saitek"]
[Black "Super Mondial B, Mephisto"]
[Result "1-0"]
[WhiteElo "1897"]
[BlackElo "1876"]
[Annotator "Stefan Timmermans"]
[PlyCount "125"]

1. c4 c5 2. Nc3 Nf6 3. Nf3 d5 4. cxd5 Nxd5 5. d4 e6
6. e4 Nxc3 7. bxc3 cxd4 8. cxd4 Bb4+ 9. Bd2 Bxd2+ 10. Qxd2 O-O {Until here
both played the openingstheorie...} 11. d5 {Not , very inspired especially if
your king is not yet in safety} exd5 12. exd5 Bg4 {And black has the better
play with whites monarch in the middle} 13. Be2 Bxf3 14. Bxf3 Re8+ 15. Be2 Qe7
16. Rc1 Nd7 {Assesment: White has the bishop for the KNight but an isolated
pawn and the King is still in the centre. The chances are therefore more or
less balanced.} 17. Rc2 Rad8 18. O-O Nf6 {The pin on the bishop is just
resolved and black focussed on the 2nd weakness , the d-pawn.} 19. Bf3 Ne4 (
19... Nxd5 20. Bxd5 Qd7 21. Bxf7+ (21. Rd1 Qxd5 22. Qxd5 Rxd5 23. Rxd5 Re1#)
21... Qxf7 $11) 20. Qd3 Ng5 21. Bg4 Qd6 22. Rd2 Re5 23. Rfd1 Ne4 24. Re2 Qg6
25. Qc2 {Strange move, leaving the bishop up for the crocodiles, but black has
still a problem with his Knight and Turbo advanced Trainer kind of
acknowledges this in his move sequence.} (25. Bf3 Rexd5 26. Qxd5 Rxd5 27. Rxd5
$16 f5) 25... Qxg4 26. f3 Qc8 27. Qxc8 Rxc8 28. Rxe4 Ree8 29. Rxe8+ Rxe8 {All
of a sudden an endgame, with an pushed pawn, in reach of blacks rook and king,
but to attack the pawn with both, black requires more moves then the white
king to come over .......} 30. d6 Rd8 31. Kf2 Kf8 32. Ke3 Ke8 33. Ke4 Kd7 34.
Kd5 $16 h6 35. h3 h5 36. g3 h4 {The last moves are tipical woodpushing moves ..
.} 37. gxh4 $2 (37. Rb1 b6 38. Re1 hxg3 39. Re7+ Kc8 40. Rc7+ Kb8 41. Rxf7 $16)
37... Rh8 38. Re1 Rh5+ 39. Re5 Rxe5+ {Af first I thought, how can the Super
Mondial be so sure this is the best move ? But If I calculate the Rxh4
alaternative, the move of the Super Mondial is actually the only hope he has.}
(39... Rxh4 40. Re7+ Kd8 41. Rxb7 Rf4 42. Kc6 $18) 40. Kxe5 Kc6 {With the aim
to pin blacks pawns} (40... b5 41. Kd5 b4 $14) 41. h5 Kd7 42. Kd5 b5 {Black
had to make a decision.} 43. f4 a6 44. f5 f6 (44... b4 $4 45. f6 g6 (45... gxf6
46. h6 {and white will promote to Queen}) 46. hxg6 fxg6 47. f7 {and here to,
whit will promote to Queen}) 45. Kc5 $18 b4 46. Kd5 (46. Kxb4 Kxd6 47. Ka5 Ke5
48. Kxa6 Kxf5 49. a4 Ke5 50. Kb7 f5 51. a5 f4 52. a6 f3 53. a7 f2 54. a8=Q f1=Q
$16) 46... a5 47. Kc5 a4 48. Kxb4 Kxd6 49. Kxa4 Ke5 50. Kb5 Kxf5 51. a4 Ke6 52.
a5 $4 {Unbelievable when I saw this, in such a position you simply block of
the returning King ... but the Saitek Trubo Advanced Trainer, sespite thinking
much longer in the Endgame, does not recognise this simple rule of thumb....
what a painfull way to handle such a winning endgame !!!} (52. Kc6) 52... Kd7
53. Kb6 Kc8 54. a6 Kb8 55. a7+ Ka8 56. h4 {Very important move, it forces a
Zugzwang, where black has to give up his f6 depended pawn.} f5 57. Kc5 Kxa7 58.
Kd4 f4 59. Ke4 f3 60. Kxf3 Kb7 61. Ke4 Kc7 62. Kf5 Kd6 {And as Black comes too
late... the game is won for white. So the Saitek Turbo advanced Trainer won
eventually. To me this program has more then once dissappointed me and my
strength estimate is something around the 1800barirer.} 63. Kg6 1-0

[Event "U1950 Turnier"]
[Site "?"]
[Date "2010.10.23"]
[Round "4"]
[White "Explorer, Mephisto"]
[Black "Super Mondial B, Mephisto"]
[Result "0-1"]
[WhiteElo "1900"]
[BlackElo "1876"]
[Annotator "Stefan Timmermans"]
[PlyCount "102"]

1. d4 Nf6 2. Nf3 d5 3. c4 dxc4 4. e3 e6 5. Bxc4 c5 6.
O-O a6 7. Qe2 Be7 8. Rd1 Qc7 9. a4 {Untill here the ME played theory from his
opening book} cxd4 10. exd4 Nc6 11. Nc3 O-O 12. d5 {Good to get rid of it on
the first occasion.} exd5 13. Nxd5 Nxd5 14. Bxd5 Bg4 15. Qe4 $14 Bxf3 16. Qxf3
Bd6 17. Qh5 Be5 18. Ra3 {Well played !} h6 19. Bxc6 {Black can't retake with
the Queen due tu Qxe5, now black has 3 pawn Islands, white only 2.} bxc6 20.
Rad3 Rae8 21. b3 c5 22. Rd7 Qb6 23. Be3 Qe6 24. Qh3 {I didn't like this move
from the M.Explorer.} (24. R7d3 $14) 24... f5 25. Qf3 Qxb3 {Black could have
played much much sharper} (25... f4 26. Bxc5 Bd6 $3 $17 {bxd6 or Rxd6 fail on
Qe1+ !} 27. Qc3 Qxd7 28. Rxd6) 26. Bxc5 Qxf3 27. gxf3 Rf7 28. Rd8 Rxd8 29.
Rxd8+ Kh7 30. Re8 $15 Bc3 31. Bb6 Rf6 32. a5 Rd6 33. Ra8 Kg6 34. Kf1 (34. Rxa6
$6 Bxa5 35. Rxa5 Rxb6) 34... h5 35. Kg2 Bd2 36. Ra7 f4 37. h3 Kh6 38. Ra8 g5
39. Rh8+ Kg6 40. Rg8+ Kf5 41. Rf8+ Ke6 42. Re8+ Kf7 43. Ra8 Kg6 44. Rg8+ Kh6
45. Rh8+ Kg7 {This move from the Super Mondial requires guts !} 46. Rxh5 Rd5 $1
47. h4 Bxa5 48. Bxa5 Rxa5 49. Kh3 (49. hxg5 Kg6 50. Rh8 Kxg5 $15) 49... g4+ $3
{Disaster st rikes.... unbelievable that a chess computer can overlook such a
move.} 50. fxg4 Rxh5 51. gxh5 a5 0-1

[Event "U1950 Turnier"]
[Site "?"]
[Date "2010.10.20"]
[Round "4"]
[White "Timmermans, Stefan"]
[Black "Constellation 2 MHz, Novag"]
[Result "1-0"]
[WhiteElo "1899"]
[BlackElo "1677"]
[Annotator "Stefan Timmermans"]
[PlyCount "77"]

1. d4 Nf6 2. c4 e6 3. Nc3 Bb4 4. a3 {Saemisch
variati on in the Nimzo-Indian, white has some profound plans to push e4 after
f3.} Bxc3+ {Thema of this opening, is the Bishop Exchange Justified ? Surely
the Conny won't play the best plan to demonstrate it is justified.} 5. bxc3 O-O
(5... c5 6. e3 Nc6 7. Bd3 O-O {Is slighly better}) 6. f3 (6. Bg5 c5) 6... d5 {
Now White must get rid of the double pawn , before black plays c5.} 7. cxd5
exd5 {Represents a more balanced centre as capturing with a Knight that has to
retreat} (7... Nxd5 8. c4 Nf6) 8. e3 {White plan is to Play Bd3, Ne2, 0-0, Re1
and e4, e5 ... black has no defense against it except b6, Ba6 to lower the
pressure exchanging bishops.} Re8 9. Bd3 b6 10. Ne2 {And the openingtheory
continues with Ba6 giving black a solid game compared to the Connys variation.}
Nbd7 {I won't call it a bad move, but no Grandmaster will ever play it.
Comparing only with the main move Ba6, its clear its no good.} (10... Ba6 11.
Bc2 c5 12. O-O Nc6) 11. O-O Bb7 {After Nbd7, of course Ba6 is no longer an
option, so the bishop is now looking against its own pawn. The only advantage
is that is controlls e4 a bit more, but white has many resources. Ng3, Re1,
Qc2 and e4 goes...} 12. Ng3 Qb8 $2 {The Conny doesn't know what to do, clearly
c5 is a valid option.} (12... c5 13. Re1 {14... c4 is not effective only after
an eventual Qc2.} Qc7 $14) 13. Qc2 $5 $16 {Again in support of e4 but , there
is a small but after c5, e4, either c4 or cxd4...} a6 $4 {The Conny chooses to
wait, but there is no waiting in this position....} (13... c5 14. e4 c4 15. Be2
dxe4 16. fxe4 Nxe4 17. Bxc4 Ndf6 $14 {And black is not too bad...}) 14. e4 $18
c5 $2 {Too late... a Knight will go ...} (14... Nf8 {To free up a square for
the Night on f6 as it has no fields to go...} 15. e5 N6d7 16. Bd2 c5 17. Nf5
$18) 15. e5 c4 16. Bf5 g6 17. Bh3 {Blacks position is hopeless... that soon !}
(17. exf6 $1 Nxf6 18. Qd2 Bc8 (18... gxf5 $4 19. Qg5+ Kf8 20. Qxf6 $18) 19. Qh6
Bxf5 20. Nxf5 gxf5 21. Qg5+ Kf8 22. Qxf6 $18) 17... Nxe5 18. Bf4 $1 {Yes the
Knight is pinned !} Nxf3+ (18... Nfd7 $4 19. Bxd7) 19. Rxf3 Qa7 {That also !} (
19... Qd8 $4 20. Bg5) 20. Be5 (20. Nf5 $1 gxf5 21. Rg3+ Kh8 {Mate in as much
as 7 moves, didn't play that resourceful of course...} 22. Qxf5) 20... Ne4 {
Only Move or Rxe5 and Ne8 is also possible} 21. Nxe4 dxe4 22. Rf6 b5 {Tricky
move, now Raf1 fails on Rxe5 !} 23. Qf2 (23. Rxf7 Kxf7 24. Qf2+ Kg8 (24... Ke7
25. Qf6#) 25. Qf6 Rxe5 {Only move to not go checkmate} 26. Qxe5 $18 {Ok the
Rook sacrifice is nice for PC Chess engines, not for real humans ....;}) 23...
Bd5 24. Rd6 $1 Bb7 $4 (24... Qb7 25. Qf6 Rxe5 26. Qxe5 Bc6 $18) 25. Qf6 $2 {
Missed the most splendid combination Rd7 !!!} (25. Rd7 {[%emt 0:00:05] Mat in}
Rf8 (25... f5 26. Qh4) 26. Qf6) 25... Rxe5 26. Qxe5 Rf8 27. Qe7 Qa8 28. Rf1 Bd5
29. Bd7 {In my opinion to avoid e3 & Re8....} (29. Qd7 $1 Bb7 30. Be6 fxe6 31.
Qxe6+ Kh8 32. Rd7 $1) 29... Bb7 $2 30. Rdf6 (30. Rxf7 Rxf7 31. Be6 Qf8 32. Qf6
{And black will go mate...}) 30... Bd5 31. Rd6 Bb7 32. Qf6 {I just didn't see
the killing move ...} e3 33. Bc6 Bxc6 34. Rxc6 Qe8 35. Re1 Qe4 36. Qf3 Qc2 37.
Qxe3 a5 38. d5 Qb3 39. d6 1-0